[Event "4NCL Division 4 South"]
[Site "Reading, ENG"]
[Date "2018.01.13"]
[Round "3.99"]
[White "Kirby, Andrew"]
[Black "Karia, Devin"]
[Result "1-0"]
[WhiteElo "1413"]
[BlackElo "1652"]
[PlyCount "75"]
[EventDate "2018.01.13"]

1. c4 c5 2. Nc3 Nf6 3. g3 Nc6 4. Bg2 e6 5. e4 Nb4 6. d3 d5 7. a3 Qa5 8. Bf4 Nc6
9. exd5 exd5 10. Qe2+ Kd8 11. Kf1 Nd4 12. Qe5 Be7 13. Nxd5 Nc6 14. Qc7+ Qxc7
15. Nxc7 g5 16. Nxa8 gxf4 17. Ne2 Bf5 18. b4 Kc8 19. b5 Ne5 20. b6 f3 21. bxa7
fxe2+ 22. Kxe2 Bxd3+ 23. Kd2 Nfd7 24. f4 Ng4 25. Kxd3 Nf2+ 26. Kc2 Nxh1 27.
Rxh1 Rg8 28. Bh3 Bd8 29. Nb6+ Bxb6 30. a8=Q+ Kc7 31. Qxg8 Ba5 32. Qxf7 b5 33.
Qxd7+ Kb8 34. Qxb5+ Ka7 35. Rd1 Bc7 36. Bc8 Bb6 37. Qa6+ Kb8 38. Qb7# 1-0

[Event "4NCL Division 4 South"]
[Site "Reading, ENG"]
[Date "2018.01.13"]
[Round "3.99"]
[White "Covey, Jason"]
[Black "Isaksen, Peter A"]
[Result "1/2-1/2"]
[WhiteElo "1870"]
[BlackElo "1907"]
[PlyCount "144"]
[EventDate "2018.01.13"]

1. e4 c5 2. Nc3 d6 3. f4 g6 4. Nf3 Bg7 5. Bb5+ Bd7 6. Bc4 Nc6 7. O-O e6 8. d3
Nge7 9. Qe1 O-O 10. Qg3 Nd4 11. Bb3 Nec6 12. f5 Nxf3+ 13. Rxf3 Ne5 14. Rf1 exf5
15. Bg5 Bf6 16. Bxf6 Qxf6 17. Nd5 Qg7 18. exf5 Bxf5 19. Ne7+ Kh8 20. Nxf5 gxf5
21. Qxg7+ Kxg7 22. Rxf5 Kg6 23. Raf1 Rad8 24. Rf6+ Kg7 25. c3 d5 26. R6f5 f6
27. d4 cxd4 28. cxd4 Nc4 29. Rc1 Kg6 30. Rf2 Rc8 31. Rfc2 Rf7 32. Bxc4 Rxc4 33.
Rxc4 dxc4 34. Rxc4 Kf5 35. Kf2 Ke4 36. d5+ Kxd5 37. Rh4 Ke5 38. Ke3 f5 39. Ra4
b6 40. Rb4 f4+ 41. Kf3 h6 42. Re4+ Kd5 43. Rxf4 Rc7 44. Ke3 Rc2 45. Rf2 Rc4 46.
b3 Re4+ 47. Kd3 Re5 48. Rf7 a5 49. Rf6 Rg5 50. g3 Rh5 51. Rxb6 Kc5 52. Ra6 Kb5
53. Re6 Rxh2 54. a4+ Kb4 55. Rb6+ Ka3 56. Kc4 Rg2 57. Kb5 Rxg3 58. Kxa5 h5 59.
Rh6 Rg5+ 60. Kb6 Kb4 61. Rf6 h4 62. Rh6 Rg4 63. a5 h3 64. a6 h2 65. Rxh2 Rg6+
66. Kb7 Rg7+ 67. Kc8 Rg8+ 68. Kd7 Rg7+ 69. Ke8 Kxb3 70. Rh6 Ra7 71. Kd8 Kb4 72.
Kc8 Kb5 1/2-1/2

[Event "4NCL Division 4 South"]
[Site "Reading, ENG"]
[Date "2018.01.13"]
[Round "3.99"]
[White "Stoyanov, Boris"]
[Black "Hung, Jake"]
[Result "1/2-1/2"]
[WhiteElo "1540"]
[BlackElo "1757"]
[PlyCount "71"]
[EventDate "2018.01.13"]

1. d4 d5 2. c4 c6 3. Nc3 Nf6 4. Bg5 e6 5. e3 Be7 6. Bd3 dxc4 7. Bxc4 b5 8. Bd3
a6 9. Nf3 Bb7 10. O-O Nbd7 11. Re1 c5 12. dxc5 Nxc5 13. Bc2 O-O 14. Qxd8 Rfxd8
15. Rad1 h6 16. Bh4 Kf8 17. b4 Nce4 18. Nxe4 Nxe4 19. Bxe7+ Kxe7 20. Rd4 Rxd4
21. Nxd4 e5 22. f3 exd4 23. exd4 f5 24. fxe4 Bxe4 25. Bxe4 fxe4 26. Rxe4+ Kd6
27. Re5 Rc8 28. Kf2 Rc2+ 29. Re2 Rc4 30. a3 Rxd4 31. Ke3 Kd5 32. Rd2 Rxd2 33.
Kxd2 Kd4 34. h3 h5 35. h4 Ke4 36. Ke2 1/2-1/2

[Event "4NCL Division 4 South"]
[Site "Reading, ENG"]
[Date "2018.01.13"]
[Round "3.99"]
[White "Kesterson, Kennan"]
[Black "Isaksen, Lars"]
[Result "1-0"]
[WhiteElo "1592"]
[BlackElo "1150"]
[PlyCount "109"]
[EventDate "2018.01.13"]

1. e4 e5 2. Nf3 Nc6 3. Bc4 Bc5 4. c3 Nf6 5. d3 h6 6. Nbd2 O-O 7. Nf1 d6 8. Ng3
Ng4 9. O-O Be6 10. Bb3 Ne7 11. h3 Nf6 12. Be3 Qd7 13. Bxc5 dxc5 14. Nxe5 Qd6
15. Nf3 Rad8 16. e5 Qxd3 17. exf6 gxf6 18. Bxe6 fxe6 19. Qxd3 Rxd3 20. Rad1
Rfd8 21. Rxd3 Rxd3 22. Re1 e5 23. Kf1 Kf7 24. Ke2 Rd8 25. Rd1 Rg8 26. Rd7 Rc8
27. Nf5 Ke6 28. Nxe7 Kxd7 29. Nxc8 Kxc8 30. Ke3 Kd7 31. Ke4 Ke6 32. g4 b5 33.
Nh4 Kf7 34. Kd5 c4 35. Kc6 Ke6 36. Nf5 Kf7 37. h4 Kg6 38. Kxb5 h5 39. f3 e4 40.
fxe4 hxg4 41. Kxc4 Kh5 42. Kc5 g3 43. Nxg3+ Kxh4 44. Nf5+ Kg4 45. Kd5 Kf3 46.
b4 Ke2 47. a4 Kd3 48. c4 c6+ 49. Kc5 Kxe4 50. Ng7 Kd3 51. b5 cxb5 52. cxb5 Kc3
53. a5 Kb3 54. b6 axb6+ 55. axb6 1-0

[Event "4NCL Division 4 South"]
[Site "Reading, ENG"]
[Date "2018.01.13"]
[Round "3.99"]
[White "Stoyanov, Viktor"]
[Black "Coates, Kenneth G"]
[Result "1/2-1/2"]
[WhiteElo "2027"]
[BlackElo "2099"]
[PlyCount "83"]
[EventDate "2018.01.13"]

1. d4 d5 2. c4 c6 3. Nc3 Nf6 4. e3 g6 5. Nf3 Bg7 6. Be2 O-O 7. O-O Bg4 8. Qb3
Qb6 9. h3 Bxf3 10. Bxf3 e6 11. Qxb6 axb6 12. b3 Nbd7 13. cxd5 exd5 14. a4 Rfe8
15. Bb2 Ne4 16. Bxe4 dxe4 17. Rfd1 f5 18. Kf1 Red8 19. Ke2 Nf6 20. Rdc1 Kf7 21.
Ba3 Nd5 22. Nxd5 Rxd5 23. Rc4 h5 24. Rc2 Bf6 25. Raa2 g5 26. Bc1 Be7 27. Bd2 g4
28. hxg4 hxg4 29. Rc1 Rh8 30. Raa1 Ke6 31. Rh1 Rdd8 32. a5 Rxh1 33. Rxh1 bxa5
34. Rh6+ Bf6 35. Bxa5 Rd5 36. Bb6 Kf7 37. Bc7 Bg7 38. Rh1 b6 39. Bxb6 Rb5 40.
Bc5 Rxb3 41. Ra1 Rb2+ 42. Kf1 1/2-1/2

[Event "4NCL Division 4 South"]
[Site "Reading, ENG"]
[Date "2018.01.13"]
[Round "3.99"]
[White "Tart, Peter K"]
[Black "Vallis, Nicholas J"]
[Result "1-0"]
[WhiteElo "1932"]
[BlackElo "1735"]
[PlyCount "115"]
[EventDate "2018.01.13"]

1. e4 c6 2. d4 d5 3. exd5 cxd5 4. Bd3 Nc6 5. c3 Nf6 6. h3 e5 7. dxe5 Nxe5 8.
Nf3 Nxd3+ 9. Qxd3 Be7 10. Be3 Ne4 11. Qb5+ Qd7 12. Nd4 O-O 13. Qxd7 Bxd7 14.
Nd2 Bc5 15. N2f3 Rfe8 16. O-O Ng3 17. Rfe1 Ne4 18. Rad1 Bxd4 19. Nxd4 a6 20.
Bf4 Rac8 21. Nc2 Bc6 22. Ne3 Nf6 23. Rd4 Re4 24. Red1 Rxd4 25. Rxd4 Re8 26. Bg5
Ne4 27. Bf4 Nf6 28. g4 h6 29. Bg3 Re4 30. Rd2 Re8 31. Nc2 Ne4 32. Re2 Nxg3 33.
Rxe8+ Bxe8 34. fxg3 f6 35. Kf2 Kf7 36. Ke3 Ke7 37. Kd4 Bc6 38. Ne3 Ke6 39. Nf5
Kf7 40. Kc5 g6 41. Nd4 h5 42. gxh5 gxh5 43. Kd6 Kg6 44. Nxc6 bxc6 45. Kxc6 f5
46. Kxd5 Kg5 47. Ke5 f4 48. gxf4+ Kh4 49. f5 Kxh3 50. f6 h4 51. f7 Kg2 52. f8=Q
h3 53. Ke4 h2 54. Qf3+ Kg1 55. c4 h1=Q 56. Qxh1+ Kxh1 57. c5 a5 58. a4 1-0

[Event "4NCL Division 4 South"]
[Site "Reading, ENG"]
[Date "2018.01.13"]
[Round "3.99"]
[White "Saxena, Kshitij"]
[Black "Love, James"]
[Result "0-1"]
[WhiteElo "1292"]
[BlackElo "1450"]
[PlyCount "79"]
[EventDate "2018.01.13"]

1. d4 e6 2. Nf3 d5 3. e3 c5 4. c3 Nc6 5. Bd3 Bd7 6. Nbd2 Nf6 7. O-O Be7 8. Re1
O-O 9. Bc2 Rc8 10. dxc5 Bxc5 11. e4 Qb6 12. Rf1 Ng4 13. Qe1 Ne7 14. Bd3 Rfd8
15. Nb3 dxe4 16. Nxc5 exd3 17. Nxd7 Rxd7 18. Be3 Qxb2 19. Bd2 Nd5 20. Qe4 Ndf6
21. Qa4 b5 22. Qa6 Rdc7 23. Rab1 Qc2 24. Rxb5 Ne4 25. Rc1 Nxd2 26. Rxc2 Nxf3+
27. gxf3 dxc2 28. Qa3 Rxc3 29. Qc1 Rd8 30. Kg2 h6 31. Rb3 Rd1 32. Rxc3 Rxc1 33.
fxg4 f6 34. Kf3 e5 35. Ke2 e4 36. Kd2 Rf1 37. Rxc2 Rxf2+ 38. Kd1 Rxc2 39. Kxc2
f5 40. gxf5 {Unable to reconstruct remaining moves. 0-1 in 69 moves.} 0-1